000 00589nam a22002177a 4500
003 UA-OsUOA
001 67944
007 ta
008 20100322b un ||||| |||| 00| 0 ukr d
100 _aКостюченко О.
090 _a908
_bК72
942 _cSA
040 _aUA-OsUOA
_bukr
_cUA-OsUOA
_dUA-OsUOA
245 _aВ Острозькій академії відбувся Форум студентського самоврядування
300 _aС.1
955 _a0
041 _aukr
080 _a908
773 0 _w67943
650 7 _a908 Краєзнавство
_2UDC
999 _c354078
_d354078